01894 2200349 4500001002100000005001500021035002000036008004100056020001100097041000800108082001100116084001500127100011600142245015900258260003300417300002400450520070100474650002301175650004601198990002501244990002501269990002501294990002501319990002501344990002501369990002501394990002501419990002501444990002501469990002501494990002501519INLIS00000000000601920221104044254 a0010-0520006019221104 | | ind  a978999 aind a347.01 a347.01 UND0 aUndang-Undang Dasar Negara Republik Indonesia Tahun 1945 dan UU RI No 24 Tahun 2003 Tentang Mahkamah Konstitusi1 aUndang-Undang Dasar Negara Republik Indonesia Tahun 1945 dan UU RI No 24 Tahun 2003 Tentang Mahkamah Konstitusi /cSekretaris Jenderal Mahkamah Konstitusi aJakarta :bPademangan,c2003 a81p.;24 cm ;c24 cm aSebagai buah dari agenda reformasi nasional tahun 1998, Undang-Undang Dasar Negara RI tahun 1945 telah mengalami perubahan yaitu pada tahun 1999, 2000, 2001 dan 2002. Dengan perubahan itu, pokok-pokok pikiran yang terkandung dalam Undang-Undang Dasar mengalami pergeseran dan perubahan mendasar, sehingga mengubah pula corak dan format kelembagaan serta mekanisme hubungan antara lembaga-lembaga negara yang ada. Salah satunya dalam pasal 24 c,ide pembentukan Mahkamah Konstitusi diadopsikan ke dalam konstitusi negara sebgaao organ konstitusional baru yang sederajat kedudukannya dengan Mahkamah Agung. Fungsi Mahkamah Konstitusi itu bahkan dilembagakan secara konstitusional sejak Agustus 2003. 4aAmandemen UUD 1945 4aUndang-Undang No 24 - Mahkamah Konstitusi a03588/MKRI-P/IV-2006 a03589/MKRI-P/IV-2006 a03590/MKRI-P/IV-2006 a03591/MKRI-P/IV-2006 a03592/MKRI-P/IV-2006 a03601/MKRI-P/IV-2006 a03601/MKRI-P/IV-2006 a03588/MKRI-P/IV-2006 a03589/MKRI-P/IV-2006 a03590/MKRI-P/IV-2006 a03591/MKRI-P/IV-2006 a03592/MKRI-P/IV-2006